[Event "Team women chess final 2018"]
[Site "Sochi"]
[Date "2018.05.05"]
[Round "5.2"]
[White "Nebolsina, Vera"]
[Black "Grigorieva, Yulia"]
[Result "1-0"]
[WhiteElo "2218"]
[BlackElo "1969"]
[PlyCount "71"]
[EventDate "2018.05.01"]
[BlackTeam "Команда СК "]

1. e4 e5 2. Nf3 Nc6 3. Bc4 Nf6 4. d3 Bc5 5. O-O O-O 6. h3 d5 7. exd5 Nxd5 8. a4
a5 9. Bd2 Nb6 10. Bb3 Bf5 11. Nc3 Kh8 12. Re1 f6 13. Nb5 Bg6 14. Nh4 Bf7 15.
Bxf7 Rxf7 16. Qh5 Rd7 17. Be3 Bd4 18. Bxd4 Nxd4 19. Nxd4 Rxd4 20. b3 Nd5 21. g3
Ra6 22. f4 Nb4 23. fxe5 Rxh4 24. gxh4 Qd4+ 25. Kh1 Qd5+ 26. Re4 Ra8 27. Rg1 Rf8
28. Qg4 g6 29. exf6 Nxc2 30. Qg2 Qxd3 31. Re7 Nd4 32. Rxc7 Ne2 33. Rxh7+ Kg8
34. Rg7+ Kh8 35. Rxg6 Qe3 36. Rg8+ 1-0

[Event "Team women chess final 2018"]
[Site "Sochi"]
[Date "2018.05.05"]
[Round "5.3"]
[White "Khatmullina, Dilara"]
[Black "Markelova, Lubov"]
[Result "0-1"]
[WhiteElo "1860"]
[BlackElo "2127"]
[PlyCount "110"]
[EventDate "2018.05.01"]
[WhiteTeam "Команда СК "]

1. Nf3 d5 2. g3 Nf6 3. Bg2 c6 4. O-O Bf5 5. d3 h6 6. Nbd2 e6 7. Qe1 Be7 8. e4
Bh7 9. e5 Nfd7 10. Qe2 O-O 11. Re1 c5 12. Nf1 Nc6 13. h4 b5 14. Bf4 c4 15. d4
Qb6 16. Red1 Be4 17. Qd2 Rfc8 18. N3h2 Bh7 19. Ng4 Bf8 20. Nfe3 Ne7 21. h5 c3
22. bxc3 Qa5 23. Rdb1 a6 24. a4 bxa4 25. Rb4 a3 26. Rb3 Nf5 27. Bf1 Nxe3 28.
Qxe3 Bxc2 29. Rb7 Rc7 30. Rxc7 Qxc7 31. c4 dxc4 32. d5 Qb6 33. Qxb6 Nxb6 34. d6
Bb3 35. Rxa3 a5 36. Bg2 Ra6 37. Bb7 Ra7 38. Bc6 Nd5 39. Ra1 a4 40. Be3 Ra6 41.
Bc5 Rxc6 42. d7 Rxc5 43. d8=Q c3 44. Rc1 c2 45. Kh2 Nb4 46. Ne3 Na2 47. Qd2
Nxc1 48. Qxc1 Rc3 49. Nxc2 Rxc2 50. Qb1 Rxf2+ 51. Kh3 Bd5 52. g4 Rf3+ 53. Kh2
a3 54. g5 a2 55. Qg1 Rf5 0-1

[Event "Team women chess final 2018"]
[Site "Sochi"]
[Date "2018.05.05"]
[Round "5.4"]
[White "Bulatova, Kamaliya"]
[Black "Baiburina, Kamilla"]
[Result "1/2-1/2"]
[WhiteElo "2121"]
[BlackElo "1860"]
[PlyCount "143"]
[EventDate "2018.05.01"]
[BlackTeam "Команда СК "]

1. d4 Nf6 2. c4 e6 3. Nc3 Bb4 4. e3 b6 5. Nge2 Bb7 6. a3 Be7 7. Ng3 d6 8. e4
Nbd7 9. Bd3 e5 10. d5 O-O 11. O-O Re8 12. Nf5 Bf8 13. Qf3 Rc8 14. Bg5 h6 15.
Bd2 Ba6 16. b4 Nh7 17. h4 Qf6 18. Qg4 Kh8 19. Nxh6 gxh6 20. Qxd7 Be7 21. Qh3
Rg8 22. f4 exf4 23. Rxf4 Qg7 24. Raf1 Rcf8 25. Ne2 Bc8 26. Qf3 Bg4 27. Bc3 f6
28. Qg3 h5 29. Nd4 Qf7 30. Qe3 Bd7 31. Nf5 Bxf5 32. Rxf5 Rg6 33. Be1 Rfg8 34.
g3 Bf8 35. Kh2 Bh6 36. Qf3 Rg4 37. e5 dxe5 38. Rxe5 Bf4 39. gxf4 fxe5 40. Bxh7
Rxf4 41. Bxg8 Rxf3 42. Bxf7 Rxf1 43. Bg3 Rxf7 44. Bxe5+ Kh7 45. Kg3 Kg6 46. d6
cxd6 47. Bxd6 Kf5 48. c5 Ke6 49. a4 Kd5 50. a5 bxa5 51. bxa5 a6 52. Kh3 Kc6 53.
Kg3 Rf1 54. Be7 Rg1+ 55. Kf4 Rg4+ 56. Kf5 Rg8 57. Kf6 Kb5 58. Kf7 Rg2 59. Bd8
Kxc5 60. Kf6 Kb5 61. Kf5 Rg8 62. Bc7 Rg4 63. Bd8 Rd4 64. Bg5 Rd6 65. Be7 Rd5+
66. Kg6 Kxa5 67. Bg5 Kb4 68. Kxh5 a5 69. Kg4 a4 70. Bf6 a3 71. h5 a2 72. h6
1/2-1/2

[Event "Team women chess final 2018"]
[Site "Sochi"]
[Date "2018.05.05"]
[Round "5.1"]
[White "Sazonova, Anastasia"]
[Black "Yakimenko, Viktoria"]
[Result "1/2-1/2"]
[WhiteElo "2178"]
[BlackElo "2048"]
[PlyCount "92"]
[EventDate "2018.05.01"]
[BlackTeam "Аудиторская компания "]

1. d4 f5 2. Bg5 Nf6 3. Bxf6 exf6 4. e3 d5 5. c4 c6 6. Nc3 Be6 7. cxd5 Bxd5 8.
Nxd5 Qxd5 9. Ne2 Bb4+ 10. Nc3 O-O 11. Qa4 a5 12. Qxb4 axb4 13. Nxd5 cxd5 14.
Bd3 g6 15. Kd2 Ra5 16. Rhc1 Nc6 17. Bc2 Kf7 18. Bb3 Ke6 19. Rc2 Kd6 20. Rac1
Rfa8 21. Kd3 h6 22. h4 h5 23. g3 Rb5 24. f3 Rba5 25. Rg2 Ne7 26. Rgc2 Nc6 27.
Rg2 Ne7 28. g4 hxg4 29. fxg4 fxg4 30. Rxg4 f5 31. Rg2 b6 32. h5 gxh5 33. Rh1
Rh8 34. Rgh2 Raa8 35. Rxh5 Rxh5 36. Rxh5 Rg8 37. Rh6+ Rg6 38. Rxg6+ Nxg6 39.
Ba4 Nh4 40. Bd1 Ng2 41. Bh5 Ke7 42. Bf3 Ne1+ 43. Ke2 Nxf3 44. Kxf3 Kf7 45. Kf4
Kf6 46. Kf3 Kf7 1/2-1/2

[Event "Team women chess final 2018"]
[Site "Sochi"]
[Date "2018.05.05"]
[Round "5.2"]
[White "Porozhnyak, Maya"]
[Black "Trapeznikova, Darya"]
[Result "0-1"]
[WhiteElo "2021"]
[BlackElo "2087"]
[PlyCount "130"]
[EventDate "2018.05.01"]
[WhiteTeam "Аудиторская компания "]

1. e4 e5 2. Nf3 Nc6 3. d4 exd4 4. Nxd4 Bb4+ 5. c3 Bc5 6. Be3 Bb6 7. Nf5 Bxe3 8.
Nxe3 Nf6 9. f3 O-O 10. Bc4 Ne5 11. Bb3 d6 12. O-O Be6 13. c4 Ned7 14. Nc3 Nb6
15. Qe2 a5 16. Rad1 c6 17. c5 Bxb3 18. Rxd6 Nbd7 19. axb3 Qc7 20. Qc4 b6 21.
Nf5 Nxc5 22. Rxc6 Qb7 23. Qb5 Rab8 24. Rd1 Kh8 25. Rdd6 Ne8 26. Rd2 Nc7 27. Nd6
Nxb5 28. Nxb7 Na7 29. Rxc5 bxc5 30. Nxc5 Rfd8 31. Nd5 Nc6 32. Na6 Rxb3 33. Rc2
Nd4 34. Rc5 Rxb2 35. Rxa5 Rc8 36. Nac7 h6 37. Ra8 Rxa8 38. Nxa8 Nc2 39. Kf1 Rb3
40. Ke2 Rb2 41. Kf1 Nb4 42. Nxb4 Rxb4 43. Nc7 Rb2 44. h3 g6 45. Kg1 Rc2 46. Nd5
Kg7 47. Kh2 Rd2 48. Ne3 Rd3 49. Nc4 Kf6 50. Kg3 Ke6 51. h4 f5 52. exf5+ gxf5
53. h5 Kd5 54. Nb6+ Kc5 55. Na4+ Kb5 56. Kf4 Kxa4 57. Kxf5 Kb5 58. Kg6 Rd6+ 59.
Kf5 Kc6 60. g4 Kd7 61. g5 hxg5 62. Kxg5 Ke7 63. f4 Kf7 64. h6 Kg8 65. f5 Kh7
0-1

[Event "Team women chess final 2018"]
[Site "Sochi"]
[Date "2018.05.05"]
[Round "5.3"]
[White "Chan, Naruna"]
[Black "Yakimenko, Anastasia"]
[Result "1-0"]
[WhiteElo "1927"]
[BlackElo "2013"]
[PlyCount "83"]
[EventDate "2018.05.01"]
[BlackTeam "Аудиторская компания "]

1. e4 c5 2. Nf3 e6 3. g3 Nf6 4. e5 Nd5 5. Bg2 Nc6 6. O-O b6 7. d4 Ba6 8. Re1
Be7 9. b3 b5 10. Bb2 Qb6 11. Nbd2 cxd4 12. Ne4 b4 13. Nxd4 Nxe5 14. Nf5 f6 15.
Nxg7+ Kf7 16. Nf5 Nc3 17. Qh5+ Ng6 18. Nxe7 Kxe7 19. Nxc3 bxc3 20. Ba3+ Kf7 21.
Bxa8 Bb7 22. Bxb7 Qxb7 23. Rad1 Kg7 24. Bd6 Rc8 25. a4 Qc6 26. Qb5 a6 27. Qxc6
Rxc6 28. f4 Kf7 29. Re4 e5 30. fxe5 fxe5 31. Bxe5 Re6 32. Rde1 d5 33. R4e2 Rc6
34. Rf1+ Kg8 35. Bd4 Rc8 36. Rf3 h5 37. Rxc3 Rf8 38. Rc7 Rf7 39. Re8+ Rf8 40.
Rcc8 h4 41. Bc5 hxg3 42. Rxf8+ 1-0

[Event "Team women chess final 2018"]
[Site "Sochi"]
[Date "2018.05.05"]
[Round "5.4"]
[White "Sergeeva, Natalia"]
[Black "Azimova, Karina"]
[Result "1/2-1/2"]
[WhiteElo "1985"]
[BlackElo "2059"]
[PlyCount "89"]
[EventDate "2018.05.01"]
[WhiteTeam "Аудиторская компания "]

1. e4 Nf6 2. e5 Nd5 3. d4 d6 4. Nf3 g6 5. Be2 Bg7 6. exd6 cxd6 7. O-O O-O 8. c4
Nb6 9. Nc3 Bg4 10. h3 Bxf3 11. Bxf3 Nc6 12. Bxc6 bxc6 13. Qd3 d5 14. c5 Nd7 15.
f4 a5 16. b3 Rb8 17. Rb1 Nf6 18. Be3 Qd7 19. f5 Rbd8 20. Rbd1 Qb7 21. Bf4 Nd7
22. Ne2 Rfe8 23. Bd2 Qc7 24. Nf4 Nf8 25. Rde1 Ra8 26. Bc3 Nd7 27. Kh1 Nf6 28.
fxg6 hxg6 29. Nxg6 fxg6 30. Qxg6 Rf8 31. Bd2 e5 32. Rxe5 Qf7 33. Qd3 Qd7 34.
Ref5 Ne4 35. Rxf8+ Rxf8 36. Rxf8+ Kxf8 37. Qf3+ Qf7 38. Bxa5 Bxd4 39. Qxf7+
Kxf7 40. Bb4 Nxc5 41. g4 Ne4 42. Kg2 Kg6 43. a4 Nc5 44. Bxc5 Bxc5 45. a5
1/2-1/2

[Event "Team women chess final 2018"]
[Site "Sochi"]
[Date "2018.05.05"]
[Round "5.1"]
[White "Pogorelskikh, Sofia"]
[Black "Simakova, Elena"]
[Result "1-0"]
[WhiteElo "2053"]
[BlackElo "1948"]
[PlyCount "77"]
[EventDate "2018.05.01"]

1. e4 c5 2. Nf3 Nc6 3. d4 cxd4 4. Nxd4 Nf6 5. Nc3 d6 6. Bg5 Bd7 7. f4 Rc8 8.
Nxc6 Bxc6 9. Bxf6 gxf6 10. Qh5 e6 11. O-O-O Qd7 12. f5 e5 13. Bc4 Qc7 14. Be6
Rb8 15. Rd2 h6 16. h4 b5 17. Bd5 b4 18. Bxc6+ Qxc6 19. Nd5 Be7 20. Kb1 a5 21.
Rhd1 Rd8 22. Qg4 Kf8 23. Rd3 h5 24. Qe2 Qc5 25. R3d2 a4 26. g4 hxg4 27. Qxg4
Rg8 28. Qh5 Rc8 29. Qh6+ Ke8 30. Nxf6+ Bxf6 31. Qxf6 Rg1 32. Qh8+ Kd7 33. Qh5
Rxd1+ 34. Qxd1 a3 35. Rd5 Qf2 36. Rxd6+ Ke8 37. Rh6 Rxc2 38. Rh8+ Ke7 39. Qd8#
1-0

[Event "Team women chess final 2018"]
[Site "Sochi"]
[Date "2018.05.05"]
[Round "5.2"]
[White "Mironenko, Galina"]
[Black "Gutkovich, Polina"]
[Result "0-1"]
[WhiteElo "2007"]
[BlackElo "2057"]
[PlyCount "96"]
[EventDate "2018.05.01"]

1. Nf3 d5 2. g3 c5 3. Bg2 Nc6 4. O-O Nf6 5. d4 Bg4 6. Ne5 cxd4 7. Nxg4 Nxg4 8.
e3 Nf6 9. exd4 e6 10. Re1 Be7 11. c3 O-O 12. Qd3 a6 13. Nd2 Rc8 14. Nf3 Ne4 15.
Ne5 Nxe5 16. dxe5 Nc5 17. Qd4 Nd7 18. Qg4 Rc4 19. Qe2 b5 20. Bd2 Qb8 21. f4 g6
22. Kh1 Kh8 23. Rac1 Rcc8 24. Be3 Bc5 25. Qd2 Nb6 26. b3 a5 27. Bf1 Nd7 28. Qd3
b4 29. c4 Bxe3 30. Qxe3 dxc4 31. Bxc4 Nb6 32. Qe4 Rfd8 33. Red1 Rxd1+ 34. Rxd1
Nxc4 35. bxc4 Qc7 36. Rc1 Qc5 37. Qe2 Kg7 38. Qd3 a4 39. Kg2 Qa5 40. h4 Rd8 41.
Qe3 b3 42. axb3 axb3 43. Qe1 Qa2+ 44. Kg1 Rd2 45. Ra1 Qc2 46. Rc1 Qd3 47. c5
Re2 48. Qc3 Qe4 0-1

[Event "Team women chess final 2018"]
[Site "Sochi"]
[Date "2018.05.05"]
[Round "5.3"]
[White "Makarova, Darya"]
[Black "Mukhina, Jana"]
[Result "0-1"]
[WhiteElo "1892"]
[BlackElo "2041"]
[PlyCount "159"]
[EventDate "2018.05.01"]

1. d4 Nf6 2. Nf3 g6 3. e3 Bg7 4. b4 d6 5. Bb2 O-O 6. Be2 b6 7. c4 c5 8. a3 cxd4
9. exd4 e6 10. O-O a6 11. Nbd2 Bb7 12. Qb3 Nbd7 13. a4 a5 14. Ba3 Qb8 15. Rab1
Ne4 16. Rfd1 Rc8 17. Qe3 Ndf6 18. h3 Qa7 19. Rdc1 axb4 20. Rxb4 Nxd2 21. Nxd2
Bc6 22. Rcb1 Nd7 23. Bf3 d5 24. cxd5 Bxd5 25. Bxd5 exd5 26. Nf3 Rc4 27. Rxc4
dxc4 28. Rb4 Rc8 29. Bb2 Bf8 30. Qc3 Bxb4 31. Qxb4 Qa5 32. Qe7 Qd5 33. Bc3 Qe6
34. Qb4 f6 35. Qb5 Qc6 36. Qb2 Qxa4 37. Qe2 Qc6 38. Nd2 Qd5 39. Qe7 Rc6 40. f3
Re6 41. Qd8+ Kf7 42. Ne4 h6 43. Qh8 f5 44. Qh7+ Ke8 45. Qg8+ Ke7 46. Bb4+ Nc5
47. dxc5 Qd4+ 48. Kh2 Qe5+ 49. Kh1 fxe4 50. c6+ Rd6 51. Bxd6+ Qxd6 52. Qxc4
Qd1+ 53. Kh2 Qd6+ 54. Kh1 Qd1+ 55. Kh2 Qd6+ 56. Kh1 exf3 57. gxf3 Kd8 58. c7+
Kc8 59. Qg8+ Kxc7 60. Qg7+ Kc6 61. Qxh6 Qg3 62. Qc1+ Kb7 63. Qf1 g5 64. Qd3
Qxh3+ 65. Kg1 Qg3+ 66. Kf1 Qe5 67. Qd7+ Ka6 68. Qa4+ Qa5 69. Qe4 Qb5+ 70. Kf2
Qc5+ 71. Ke2 b5 72. Qe6+ Ka5 73. Qa2+ Kb4 74. Qb2+ Ka4 75. Qa2+ Qa3 76. Qc2+
Qb3 77. Qd2 Qe6+ 78. Kd1 Qf6 79. Qa2+ Kb4 80. Ke2 0-1

[Event "Team women chess final 2018"]
[Site "Sochi"]
[Date "2018.05.05"]
[Round "5.4"]
[White "Nasybullina, Dayana"]
[Black "Kalashnikova, Elena"]
[Result "1-0"]
[WhiteElo "1801"]
[BlackElo "1785"]
[PlyCount "65"]
[EventDate "2018.05.01"]

1. Nf3 Nf6 2. c4 g6 3. b4 Bg7 4. Bb2 O-O 5. e3 d6 6. d4 Nbd7 7. Be2 c5 8. a3 b6
9. O-O Bb7 10. d5 b5 11. bxc5 Nxc5 12. cxb5 Bxd5 13. Nfd2 Qd7 14. Nc3 Bb7 15.
Nb3 Nxb3 16. Qxb3 Rac8 17. a4 Rc5 18. a5 Rg5 19. f3 e5 20. Kh1 e4 21. f4 Rc5
22. Ba3 Rxc3 23. Qxc3 Nd5 24. Qb3 Bxa1 25. Rxa1 Rc8 26. Bb2 Qe6 27. Bc4 Qf5 28.
Bd4 Nf6 29. Bxf7+ Kf8 30. Be6 Bd5 31. Bxf5 Bxb3 32. Bxc8 Ng4 33. Bxg4 1-0

[Event "Team women chess final 2018"]
[Site "Sochi"]
[Date "2018.05.07"]
[Round "6.1"]
[White "Yakimenko, Viktoria"]
[Black "Bivol, Alina"]
[Result "0-1"]
[WhiteElo "2048"]
[BlackElo "2327"]
[PlyCount "108"]
[EventDate "2018.05.01"]
[WhiteTeam "Аудиторская компания "]

1. e4 c6 2. d4 d5 3. Bd3 dxe4 4. Bxe4 Nf6 5. Bf3 g6 6. Ne2 Bg7 7. O-O O-O 8. h3
Nfd7 9. g3 e5 10. Bg2 exd4 11. Nxd4 Ne5 12. c3 c5 13. Nb3 Qc7 14. Bf4 Nbd7 15.
N1d2 Rb8 16. Nc4 b5 17. Nxe5 Bxe5 18. Bxe5 Nxe5 19. Re1 Be6 20. Qe2 Nc4 21. Nc1
Rfd8 22. Nd3 Bf5 23. Nf4 Rd2 24. Qf3 Rbd8 25. b3 Nb6 26. Re2 Rxe2 27. Qxe2 c4
28. b4 Qd7 29. Re1 Qd6 30. Qf3 Kf8 31. Kh2 Bc8 32. Re3 Kg7 33. h4 h5 34. Qe4
Bd7 35. Nd5 Nxd5 36. Qd4+ Qf6 37. Qxd5 a6 38. Rf3 Bf5 39. Qb7 Rd3 40. Rf4 Rxc3
41. Bh3 Rd3 42. Bxf5 gxf5 43. Qc8 Qe6 44. Qc5 Rd5 45. Qc7 Rd1 46. Qb7 c3 47.
Qf3 Qe1 48. Rxf5 Qg1+ 49. Kh3 Qh1+ 50. Qxh1 Rxh1+ 51. Kg2 c2 52. Kxh1 c1=Q+ 53.
Kg2 Qb1 54. Rxh5 Qxb4 0-1

[Event "Team women chess final 2018"]
[Site "Sochi"]
[Date "2018.05.07"]
[Round "6.2"]
[White "Lysenko, Margarita"]
[Black "Porozhnyak, Maya"]
[Result "1-0"]
[WhiteElo "2220"]
[BlackElo "2021"]
[PlyCount "173"]
[EventDate "2018.05.01"]
[BlackTeam "Аудиторская компания "]

1. d4 c5 2. d5 e5 3. c4 f5 4. e4 d6 5. Nc3 Nf6 6. exf5 Bxf5 7. Bd3 Qd7 8. Nge2
Be7 9. O-O O-O 10. Ng3 Bxd3 11. Qxd3 Na6 12. h3 Nc7 13. a4 Nfe8 14. Nce4 Nf6
15. Ng5 h6 16. Nf3 Nh7 17. Ra3 Rf7 18. Ne4 Ne8 19. Qe2 Rb8 20. Nh2 Nef6 21. Ng3
a6 22. a5 Nf8 23. Qc2 N8h7 24. Nf5 e4 25. Ng3 Re8 26. Re1 Ref8 27. Be3 Re8 28.
Nxe4 Nxe4 29. Qxe4 Bf6 30. Qb1 Rfe7 31. Rf1 Re4 32. b3 Bc3 33. Qd3 Bb4 34. Ra2
Qd8 35. Ng4 h5 36. Nh2 Bxa5 37. Rd1 Bb4 38. Nf1 h4 39. Nd2 R4e5 40. Nf3 Re4 41.
Nd2 R4e5 42. Qg6 Ng5 43. Bf4 Re1+ 44. Rxe1 Rxe1+ 45. Kh2 Nf7 46. Ne4 Qe7 47.
Nxd6 Ne5 48. Qe6+ Qxe6 49. dxe6 Ng6 50. Be3 Bc3 51. Nf5 Bf6 52. g3 hxg3+ 53.
fxg3 Ne7 54. Bf2 Rxe6 55. Nh4 Bd4 56. Bxd4 cxd4 57. Rd2 Nc6 58. Nf5 Re4 59. Kg2
g6 60. Nd6 Re3 61. b4 Nxb4 62. Rxd4 Re7 63. Rg4 Kh7 64. c5 Nd3 65. Rc4 Rc7 66.
Ne4 Kg7 67. Rc3 Ne5 68. Rb3 Nd7 69. h4 Nxc5 70. Nxc5 Rxc5 71. Rxb7+ Kh6 72. Kh3
Rc3 73. Rb6 Ra3 74. Rb4 Kh5 75. Rc4 Kh6 76. Kg4 a5 77. Kf4 Kg7 78. g4 a4 79.
Kg5 Ra1 80. Rc7+ Kf8 81. Kxg6 a3 82. Ra7 a2 83. Kg5 Ke8 84. h5 Kd8 85. h6 Kc8
86. h7 Rh1 87. Kg6 1-0

[Event "Team women chess final 2018"]
[Site "Sochi"]
[Date "2018.05.07"]
[Round "6.3"]
[White "Yakimenko, Anastasia"]
[Black "Kryukova, Irina"]
[Result "1/2-1/2"]
[WhiteElo "2013"]
[BlackElo "2261"]
[PlyCount "52"]
[EventDate "2018.05.01"]
[WhiteTeam "Аудиторская компания "]

1. Nf3 d5 2. g3 c6 3. Bg2 Bg4 4. d4 Nd7 5. Nbd2 Ngf6 6. O-O e6 7. Re1 Be7 8. e4
dxe4 9. Nxe4 O-O 10. c3 h6 11. Qb3 Nxe4 12. Rxe4 Bf5 13. Re1 Qb6 14. Be3 Rfd8
15. Nd2 Bd3 16. Nc4 Qa6 17. Nd2 Nb6 18. a4 Nc4 19. Nxc4 Bxc4 20. Qc2 Bd3 21.
Qb3 Bc4 22. Qc2 Bd3 23. Qb3 Bc4 24. Qc2 Bd3 25. Qb3 Bc4 26. Qc2 Bd3 1/2-1/2

[Event "Team women chess final 2018"]
[Site "Sochi"]
[Date "2018.05.07"]
[Round "6.4"]
[White "Selifonova, Aleksandra"]
[Black "Sergeeva, Natalia"]
[Result "0-1"]
[WhiteElo "1890"]
[BlackElo "1985"]
[PlyCount "120"]
[EventDate "2018.05.01"]
[BlackTeam "Аудиторская компания "]

1. e4 c5 2. Nf3 d6 3. d4 cxd4 4. Nxd4 Nf6 5. Nc3 a6 6. Bg5 Nbd7 7. Qe2 Qa5 8.
f4 h6 9. Bh4 g6 10. O-O-O Bg7 11. Nb3 Qc7 12. h3 O-O 13. g4 Nb6 14. Bg2 Be6 15.
Nd4 Bc4 16. Qf2 Rac8 17. Rhe1 Nh7 18. Nd5 Nxd5 19. exd5 Bxa2 20. Rxe7 Qb6 21.
Qe3 Rc4 22. Bf2 Qc5 23. c3 Ra4 24. Nc2 Qc8 25. Be4 Bf6 26. Bd3 Bxe7 27. Qxe7
Rxf4 28. Be3 Re8 29. Qxd6 Rf6 30. Qb4 Bxd5 31. Bxg6 fxg6 32. Rxd5 Rf1+ 33. Kd2
Rf7 34. Rd6 Rd8 35. Nd4 Nf6 36. Kd3 Rxd6 37. Qxd6 Kh7 38. g5 Ne8 39. Qe5 h5 40.
Ne6 Rf5 41. Nf8+ Kg8 42. Qe6+ Qxe6 43. Nxe6 Nd6 44. Nd4 Rf1 45. c4 Nf5 46. Nxf5
Rxf5 47. Ke4 Kf7 48. h4 Ke6 49. Bf4 Ra5 50. Bh2 Ra2 51. Be5 Ra4 52. Kd4 b5 53.
b3 Rb4 54. Kc3 Rxb3+ 55. Kxb3 Kxe5 56. cxb5 axb5 57. Kb4 Kf4 58. Kxb5 Kg4 59.
Kc4 Kxh4 60. Kd4 Kxg5 0-1

[Event "Team women chess final 2018"]
[Site "Sochi"]
[Date "2018.05.07"]
[Round "6.1"]
[White "Filippova, Darya"]
[Black "Pogorelskikh, Sofia"]
[Result "1/2-1/2"]
[WhiteElo "1955"]
[BlackElo "2053"]
[PlyCount "148"]
[EventDate "2018.05.01"]

1. d4 Nf6 2. Nf3 g6 3. Bf4 Bg7 4. e3 O-O 5. Be2 d6 6. h3 Nbd7 7. O-O b6 8. c3
Bb7 9. Qc2 Re8 10. Rd1 c5 11. a4 a6 12. Nbd2 Rc8 13. Qb3 cxd4 14. exd4 Bd5 15.
Bc4 Rxc4 16. Nxc4 Qc7 17. Nfd2 Rc8 18. Re1 Bf8 19. g4 Bxc4 20. Nxc4 Qxc4 21.
Qxc4 Rxc4 22. Bg3 Nd5 23. Kf1 Bh6 24. Ke2 Kf8 25. Kd3 Rc7 26. h4 g5 27. Rh1 Kg7
28. Rae1 Nf8 29. hxg5 Bxg5 30. Reg1 Ng6 31. Re1 Ngf4+ 32. Bxf4 Nxf4+ 33. Kc2 f6
34. Rd1 d5 35. Rhe1 e6 36. Kb3 Kf7 37. Kc2 Re7 38. b3 b5 39. axb5 axb5 40. Ra1
Rc7 41. b4 Kg6 42. Ra5 Rb7 43. Ra8 Bh6 44. f3 Bg7 45. Rea1 e5 46. dxe5 fxe5 47.
R1a7 Rxa7 48. Rxa7 Bf6 49. Kd2 Ne6 50. Rb7 d4 51. Rxb5 dxc3+ 52. Kxc3 e4+ 53.
Kd2 exf3 54. Ke3 Bg5+ 55. Kf2 Bh4+ 56. Kf1 Nd4 57. Rh5 Be7 58. b5 Nb3 59. b6
Bc5 60. Rf5 Bxb6 61. Rxf3 Nd2+ 62. Kg2 Ne4 63. Rf5 Nd6 64. Rd5 Nf7 65. Kh3 Bc7
66. Rd7 Ng5+ 67. Kg2 Be5 68. Rd5 Nf7 69. Rd7 Nh6 70. Kf3 Ng8 71. Ra7 Nf6 72.
Ra6 Kg5 73. Rxf6 Bxf6 74. Kg2 Kxg4 1/2-1/2

[Event "Team women chess final 2018"]
[Site "Sochi"]
[Date "2018.05.07"]
[Round "6.2"]
[White "Gutkovich, Polina"]
[Black "Nasybullina, Alfia"]
[Result "0-1"]
[WhiteElo "2057"]
[BlackElo "2140"]
[PlyCount "74"]
[EventDate "2018.05.01"]

1. d4 d5 2. c4 dxc4 3. e3 e5 4. Bxc4 Nc6 5. Nf3 e4 6. Nfd2 Qg5 7. O-O Bh3 8. g3
Bxf1 9. Bxf1 Nf6 10. Nc3 Bd6 11. Ndxe4 Nxe4 12. Nxe4 Qe7 13. Nc3 O-O 14. Bd3
Rfe8 15. Bd2 Qd7 16. Qh5 g6 17. Qf3 Bf8 18. Bb5 Bg7 19. a3 a6 20. Ba4 b5 21.
Bc2 Ne5 22. Qd5 Qxd5 23. Nxd5 Nf3+ 24. Kg2 Nxd2 25. Nxc7 Rac8 26. Nxe8 Rxc2 27.
b4 Ne4 28. Kf3 f5 29. Kg2 Bh6 30. a4 bxa4 31. Rxa4 Kf7 32. Rxa6 Kxe8 33. Ra7
Nxf2 34. Rxh7 Bxe3 35. Rg7 Ng4+ 36. Kf1 Nxh2+ 37. Ke1 Rd2 0-1

[Event "Team women chess final 2018"]
[Site "Sochi"]
[Date "2018.05.07"]
[Round "6.3"]
[White "Mamontova, Anastasia"]
[Black "Makarova, Darya"]
[Result "1-0"]
[WhiteElo "2051"]
[BlackElo "1892"]
[PlyCount "49"]
[EventDate "2018.05.01"]

1. d4 d5 2. c4 e6 3. Nc3 c6 4. e4 dxe4 5. Nxe4 Nf6 6. Nxf6+ Qxf6 7. Nf3 Bb4+ 8.
Bd2 Bxd2+ 9. Qxd2 O-O 10. Bd3 h6 11. O-O Nd7 12. Rad1 e5 13. Nxe5 Nxe5 14. dxe5
Qxe5 15. Rfe1 Qf6 16. Re3 Bg4 17. Rde1 Rad8 18. Qb4 b6 19. h3 Bf5 20. Bxf5 Qxf5
21. Qa3 Rd2 22. Qxf8+ Kh7 23. Rf3 Qg5 24. Qxf7 Rxb2 25. Rg3 1-0

[Event "Team women chess final 2018"]
[Site "Sochi"]
[Date "2018.05.07"]
[Round "6.4"]
[White "Kalashnikova, Elena"]
[Black "Denikina, Natalia"]
[Result "0-1"]
[WhiteElo "1785"]
[BlackElo "2174"]
[PlyCount "58"]
[EventDate "2018.05.01"]

1. e4 c5 2. Nf3 d6 3. Bb5+ Nd7 4. c3 Ngf6 5. d3 g6 6. O-O Bg7 7. Re1 e5 8. Nbd2
O-O 9. Nf1 a6 10. Bxd7 Bxd7 11. Bg5 h6 12. Bd2 Bc6 13. Qc1 Kh7 14. Ng3 Re8 15.
h4 d5 16. h5 dxe4 17. dxe4 c4 18. Nh2 Qd7 19. Qc2 Rad8 20. Rad1 Qe6 21. b3 Rd6
22. f4 exf4 23. e5 fxg3 24. Nf3 Bxf3 25. exd6 Be4 26. Bf4 Qg4 27. Rxe4 Rxe4 28.
d7 Nxd7 29. Qxe4 Qxd1+ 0-1

[Event "Team women chess final 2018"]
[Site "Sochi"]
[Date "2018.05.07"]
[Round "6.1"]
[White "Simakova, Elena"]
[Black "Nikitina, Elena"]
[Result "0-1"]
[WhiteElo "1948"]
[BlackElo "2047"]
[PlyCount "100"]
[EventDate "2018.05.01"]
[BlackTeam "Команда СК "]

1. e4 c5 2. Nf3 d6 3. Bb5+ Bd7 4. Bxd7+ Qxd7 5. O-O Nc6 6. c3 Nf6 7. Re1 g6 8.
d4 Bg7 9. d5 Ne5 10. Nxe5 dxe5 11. c4 O-O 12. Nc3 Ne8 13. a3 Rc8 14. Qd3 Nd6
15. Rb1 f5 16. f3 f4 17. Bd2 g5 18. Rec1 g4 19. Nd1 Rf6 20. b4 gxf3 21. Qxf3
cxb4 22. c5 Nb5 23. Bxb4 Nd4 24. Qf2 f3 25. Kh1 fxg2+ 26. Qxg2 Rg6 27. Qf1 Rf8
28. Nf2 Nf3 29. Rb3 Rg1+ 30. Qxg1 Nxg1 31. Kxg1 Qb5 32. Rg3 Qe2 33. Rg2 Kh8 34.
d6 exd6 35. cxd6 Rd8 36. d7 Bf6 37. Ng4 Qxe4 38. Re1 Qd4+ 39. Kh1 Bg7 40. Rc1
Qxd7 41. Bc3 Qf5 42. Re1 Re8 43. Reg1 Qf3 44. Bb2 h5 45. Nf2 Bh6 46. Rd1 Bf4
47. Kg1 Rg8 48. Rxg8+ Kxg8 49. Bc1 Bxh2+ 50. Kf1 Bg3 0-1

[Event "Team women chess final 2018"]
[Site "Sochi"]
[Date "2018.05.07"]
[Round "6.2"]
[White "Grigorieva, Yulia"]
[Black "Mironenko, Galina"]
[Result "1-0"]
[WhiteElo "1969"]
[BlackElo "2007"]
[PlyCount "101"]
[EventDate "2018.05.01"]
[WhiteTeam "Команда СК "]

1. d4 d6 2. c4 e5 3. dxe5 dxe5 4. Qxd8+ Kxd8 5. Nc3 Be6 6. b3 c6 7. Bb2 f6 8.
Nf3 Nd7 9. e3 Kc7 10. Be2 Nh6 11. O-O Nf7 12. Rfd1 Rd8 13. Rac1 Kb8 14. Ne4 Be7
15. a3 f5 16. Ng3 Rhg8 17. b4 c5 18. Bc3 g5 19. Nd2 Rc8 20. b5 g4 21. Bd3 Nd6
22. Ba1 Rcf8 23. Ne2 Bf6 24. Nc3 Bh8 25. Bf1 h5 26. a4 Rc8 27. a5 b6 28. Nb3
Kc7 29. Nd5+ Bxd5 30. Rxd5 Rg6 31. Rcd1 Re6 32. Bd3 Rf8 33. axb6+ axb6 34. Be2
f4 35. Bb2 f3 36. Bf1 Ra8 37. Nd2 fxg2 38. Bxg2 Ra2 39. Bc3 Nb8 40. Ne4 Nxc4
41. Nxc5 Re7 42. Bb4 Re8 43. Na6+ Nxa6 44. Rd7+ Kb8 45. bxa6 Bf6 46. Rb7+ Kc8
47. a7 Nxe3 48. Rc1+ Kd8 49. fxe3 e4 50. Rb8+ Kd7 51. Rd1+ 1-0

[Event "Team women chess final 2018"]
[Site "Sochi"]
[Date "2018.05.07"]
[Round "6.3"]
[White "Mukhina, Jana"]
[Black "Khatmullina, Dilara"]
[Result "1-0"]
[WhiteElo "2041"]
[BlackElo "1860"]
[PlyCount "77"]
[EventDate "2018.05.01"]
[BlackTeam "Команда СК "]

1. e4 e5 2. Nf3 d6 3. d4 exd4 4. Nxd4 Nf6 5. Nc3 Be7 6. Bd3 O-O 7. O-O Re8 8.
Re1 Nbd7 9. Nf5 Bf8 10. Bg5 c6 11. Be2 Nc5 12. Bg4 g6 13. Ne3 h6 14. Bxf6 Qxf6
15. Bf3 a5 16. Qd2 b5 17. a3 Bg7 18. Red1 Bb7 19. Ng4 Qe6 20. Qxd6 Qxd6 21.
Rxd6 b4 22. axb4 axb4 23. Rxa8 Rxa8 24. Nd1 Ra1 25. Rd8+ Kh7 26. e5 h5 27. Nf6+
Bxf6 28. exf6 Na4 29. b3 Nc3 30. h4 c5 31. Bxb7 Nxd1 32. Bf3 Ne3+ 33. Kh2 Nxc2
34. Rd7 c4 35. Rxf7+ Kg8 36. Bd5 cxb3 37. Rg7+ Kh8 38. Rg8+ Kh7 39. f7 1-0